Bad Boys. Dizionario critico del cinema della ribellione giovanile (Record n. 92639)
[ formato base ]
| 000 -LEADER | |
|---|---|
| fixed length control field | 01557nam a2200289Ia 4500 |
| 001 - CONTROL NUMBER | |
| control field | G5105 |
| 003 - CONTROL NUMBER IDENTIFIER | |
| control field | IT-RoPAU |
| 008 - FIXED-LENGTH DATA ELEMENTS--GENERAL INFORMATION | |
| fixed length control field | 130308s9999 xx 000 0 und d |
| 040 ## - CATALOGING SOURCE | |
| Original cataloging agency | IT-RoPAU |
| 040 ## - CATALOGING SOURCE | |
| Transcribing agency | IT-RoPAU |
| 041 ## - LANGUAGE CODE | |
| Language code of text/sound track or separate title | ITALIANO |
| 100 ## - MAIN ENTRY--PERSONAL NAME | |
| Personal name | Fantoni Minnella Maurizio |
| 100 ## - MAIN ENTRY--PERSONAL NAME | |
| Miscellaneous information | Codice Aut. SPICS: 51347 |
| 245 ## - TITLE STATEMENT | |
| Title | Bad Boys. Dizionario critico del cinema della ribellione giovanile |
| 245 ## - TITLE STATEMENT | |
| Remainder of title | Bad Boys. Dizionario Critico del Cinema della ribellione Giovanile |
| 250 ## - EDITION STATEMENT | |
| Edition statement | 1a ed. |
| 260 ## - PUBLICATION, DISTRIBUTION, ETC. (IMPRINT) | |
| Place of publication, distribution, etc. | MILANO |
| 260 ## - PUBLICATION, DISTRIBUTION, ETC. (IMPRINT) | |
| Name of publisher, distributor, etc. | Mondadori Bruno |
| 260 ## - PUBLICATION, DISTRIBUTION, ETC. (IMPRINT) | |
| Date of publication, distribution, etc. | 2000 [1° Ed.:2000 - Ed.Ling.Originale:2000] |
| 300 ## - PHYSICAL DESCRIPTION | |
| Extent | "384 p. (prefazione: 50; testo: 334 [pagine: 0-0])" |
| 500 ## - GENERAL NOTE | |
| General note | Prefazione di Aurelio Grimaldi. ragazzi Terribili, schermi della ribellione Giovanile: un itinerario Critico di M. Fantoni Minnella. tavola Sinottica: Film, Avvenimenti storici e Politici, Avvenimenti Culturali. Dizionario: Trattazione di 440 Opere scelte Rispettando L'Origine tematica e Allargandola nelle Sue Diramazioni Secondarie. Ciascun Film è Documentato da Un'Ampia scheda Filmografico Critica che documenta l'evoluzione del Concetto di ribellione Giovanile e del complesso Rapporto con L'Immaginario Cinematografico. Glossario Comprendente le Voci Essenziali del Vasto e Articolato Panorama della ribellione Giovanile nel Cinema. Bibliografia. indice dei Registi.In Appendice 32 pagine fuori testo di Fotografie. |
| 650 ## - SUBJECT ADDED ENTRY--TOPICAL TERM | |
| Topical term or geographic name as entry element | ENCICLOPEDIE DEL CINEMA |
| 650 ## - SUBJECT ADDED ENTRY--TOPICAL TERM | |
| Relator term | Codice materia Spics: 6801 |
| 942 ## - ADDED ENTRY ELEMENTS (KOHA) | |
| Koha item type | LIBRO |
| 957 ## - | |
| -- | 1 |
| 999 ## - SYSTEM CONTROL NUMBERS (KOHA) | |
| -- | 1 |
| Withdrawn status | Lost status | Damaged status | Not for loan | Home library | Current library | Date acquired | Total Checkouts | Full call number | Date last seen | Price effective from | Koha item type | Public note |
|---|---|---|---|---|---|---|---|---|---|---|---|---|
| Buone Condizioni | Not For Loan | SPICS-MEDIATECA | SPICS-MEDIATECA | 08/03/2013 | G5105 | 08/03/2013 | 08/03/2013 | LIBRO | Progressivo inserimento: 32071 / N. Volumi: 1 Copie: 1 / data import: 1 marzo 2013 - By Epidotti, Trombetti, Vaglietti. |